| 000 | 02288nam a2200553Ii 4500 | ||
|---|---|---|---|
| 001 | DIGVEDIV0143 | ||
| 003 | NyNyDIG | ||
| 008 | 140531t20072007sp ab o 000 0 spa d | ||
| 006 | m o d | ||
| 007 | cr ||||||||||| | ||
| 040 |
_aDGITA _beng _epn _cDGITA |
||
| 020 |
_a9788499450230 _q(eBook ; _qpdf) |
||
| 020 |
_a8499450237 _q(eBook ; _qpdf) |
||
| 020 |
_a9788499451565 _q(eBook ; _qePub) |
||
| 020 |
_a849945156X _q(eBook ; _qePub) |
||
| 020 | _z9788481697698 | ||
| 020 | _z8481697699 | ||
| 020 | _z9788481696905 (obra completa) | ||
| 020 | _z8481696900 (obra completa) | ||
| 035 | _a(OCoLC)770300966 | ||
| 050 | 1 | 4 | _aBS517.3 eBook |
| 245 | 0 | 0 |
_aTú tienes palabras de vida. _pCiclo A : _blectura creyente de los evangelios dominicales / _cLa Casa de la Biblia ; en la preparación de estos materiales han participado, Florencio Abajo, Emilio de la Fuente, Rocío García y Emlio Velasco, bajo la asesoría de Santiago Guijarro. |
| 264 | 1 |
_aEstella (Navarra), España : _bEditorial Verbo Divino, _c[2007] |
|
| 264 | 3 | _c2008 | |
| 264 | 4 | _c©2007 | |
| 300 |
_a1 online resource (387 pages) : _billustrations, maps |
||
| 336 |
_atext _btxt _2rdacontent |
||
| 337 |
_acomputer _bc _2rdamedia |
||
| 338 |
_aonline resource _bcr _2rdacarrier |
||
| 490 | 1 |
_aPalabra y vida ; _v5 |
|
| 588 | 0 | _aOnline resource; title from ePub and PDF title page (Digitalia, viewed May 30, 2014) | |
| 630 | 0 | 0 |
_aBible. _pNew Testament _xCriticism, interpretation, etc. |
| 610 | 2 | 0 |
_aCatholic Church _xLiturgy _vCalendar. |
| 650 | 0 | _aChurch year meditations. | |
| 655 | 0 | _aElectronic books. | |
| 700 | 1 |
_aAbajo, Florencio, _eauthor. |
|
| 700 | 1 |
_aFuente, Emilio de la, _eauthor. |
|
| 700 | 1 |
_aGarcía, Rocío, _eauthor. |
|
| 700 | 1 |
_aVelasco, Emilio, _eauthor. |
|
| 700 | 1 |
_aGuijarro Oporto, Santiago, _eeditor. |
|
| 710 | 2 |
_aCasa de la Biblia. _eauthor. |
|
| 791 | 2 |
_aDigitalia (Firm), _edistributor. |
|
| 793 | 0 |
_gDigitalia eBook Collection: _aEditorial Verbo Divino. |
|
| 776 | 0 | 8 |
_iPrint version: _tTú tienes palabras de vida. Ciclo A. _dEstella (Navarra) : Editorial Verbo Divino, 2007 _z9788481697698 |
| 830 | 0 |
_aPalabra y vida ; _v5. |
|
| 856 | 4 | 0 |
_3Digitalia Hispánica _uhttps://www.digitaliapublishing.com/a/2432/ |
| 910 | _aPremium Collection: 2013 | ||
| 942 | _cRAA | ||
| 999 |
_c230413 _d230413 |
||